| 000 | 00430nam a2200169 a 4500 | ||
|---|---|---|---|
| 005 | 20141022142007.0 | ||
| 008 | 120228s19uu xx 00 eng d | ||
| 050 |
_aCD-ROM _bL642 2006 |
||
| 100 | _aLind, Douglas A. | ||
| 245 | _aBasic statistics for business and economics. | ||
| 250 | _a6th ed. | ||
| 260 | _c2006. | ||
| 650 | _aStatistics | ||
| 700 | _aMarchal, William G. | ||
| 700 | _aWathen, Samuel A. | ||
| 942 | _cAVM | ||
| 999 |
_c276596 _d276596 |
||